El secreto de Joe Gould cada vida es una obra por escribir (Registro nro. 63863)

Detalles MARC
000 -ENCABEZADO
Número de control [NR] 03176nam a2200325Ia 4500
008 - DE LONGITUD FIJA DE DATOS DE ELEMENTOS - INFORMACIÓN GENERAL
Elementos de longitud fija [NR] 130821s2000 xxua gs spa
040 ## - FUENTE DE CATALOGACION [NR]
Agencia de catalogación original [NR] Co-BoUCM
Idioma de catalogación [NR] spa
041 00 - CODIGO DE IDIOMA [R]
Código de idioma para texto/pista de sonido o título separado [R] Español
092 ## - SIGNATURA TOPOGRAFICA LOCAL
Número de clasificación local DVD 0579
245 03 - MENCION DE TITULO [NR]
Título [NR] El secreto de Joe Gould cada vida es una obra por escribir
Mención de responsabilidad, etc. [NR] [DVD]
-- [dirigida por] Stanley Tucci
260 ## - PUBLICACION, DISTRIBUCION, ETC. (PIE DE IMPRENTA) [R]
Lugar de publicación, distribución, etc. [R] Washington D.C. (Estados Unidos)
Nombre del editor, distribuidor, etc. [R] October Films
Fecha de publicación, distribución, etc. [R] 2000
300 ## - DESCRIPCION FISICA [R]
Extensión [R] 1 DVD
Otros detalles físicos [NR] son., color
500 ## - NOTA GENERAL [R]
Nota general [NR] Basada en las novelas "Professor Seagull" y "El secreto de Joe Gould", de Joseph Mitchell.
500 ## - NOTA GENERAL [R]
Nota general [NR] SINOPSIS : "El Secreto de Joe Gould" es la historia real de dos hombres, uno de los cuales explica la historia del otro: el famoso escritor del The New Yorker, Joseph Mitchell (Stanley Tucci) y el bohemio de Nueva York, Joe Gould (Ian Holm). Era una época donde los artistas y los escritos se reunían a menudo en una área de la ciudad conocida como Greenwich Village, y una época en la que Joseph Mitchell estaba publicando algunos de sus mejores trabajos. Un día, el escritor de voz suave, conoce a Joe Gould. Nacido en el norte y educado en Harvard, el andrajoso Gould es un erudito de las calles de Nueva York. El trabajo de su vida es la "sHistoria Oral de Nuestro Tiempo", una transcrip-ción de centenares de conversaciones, comentarios, y ensayos so-bre lo que ha visto y oído. "sCada día", escribe Mitchell en The New Yorker, "sincluso cuando sufre una intensa resaca o incluso cuando está débil y apático por el hambre, Joe Gould escribe en libretas escolares." Sin trabajo, Gould depende de las contribuciones de sus amigos y admiradores a la "sFundación Joe Gould". Después de que la historia de Mitchell apareciera publicada en The New Yorker, Gould se convirtió en una pequeña celebridad. A medida que va cambiando la dinámica entre los dos hombres, su relación consu-mirá a Mitchell durante años, ya que se convertirá en el guardián del secreto de Joe Gould.
508 ## - NOTA DE CREDITOS DE CREACION/PRODUCCION [R]
Nota de créditos de creación/producción [NR] Dirección, Stanley Tucci ; guión, Howard A. Rodman ; producción : Charles Weinstock, Elizabeth W. Alexander y Stanley Tucci ; música, Evan Lurie ; fotografía, Maryse Alberti ; montaje, Suzy Elmiger.
511 ## - NOTA DE PARTICIPANTE O INTERPRETE [R]
Nota de participante o intérprete [NR] Ian Holm (Joe Gould), Stanley Tucci (Joe Mitchell), Patricia Clarkson (Vivian Marquie), Hope Davis (Therese Mitchell), Susan Sarandon (Alice Neel), Sarah Hyland (Elizabeth Mitchell), Hallee Hirsh (Nora Mitchell), Celia Weston (Sarah), Patrick Tovatt (Harold Ross), John Tormey (Harry Kolis).
546 ## - NOTA DE IDIOMA [R]
Nota de idioma [NR] Audio en Español e Inglés. Subtítulos en Español e Inglés.
650 04 - ASIENTO SECUNDARIO DE MATERIA - TERMINO TEMATICO [R]
Término temático o nombre geográfico como elemento de entrada [NR] Entretenimiento
9 (RLIN) 26487
650 04 - ASIENTO SECUNDARIO DE MATERIA - TERMINO TEMATICO [R]
Término temático o nombre geográfico como elemento de entrada [NR] Películas cinematográficas
Subdivisión de forma [R] DVD
-- Versiones cinematográficas
-- DVD
650 04 - ASIENTO SECUNDARIO DE MATERIA - TERMINO TEMATICO [R]
Término temático o nombre geográfico como elemento de entrada [NR] Películas cinematográficas
Subdivisión geográfica [R] Estados Unidos
Subdivisión de forma [R] DVD
9 (RLIN) 7903
650 04 - ASIENTO SECUNDARIO DE MATERIA - TERMINO TEMATICO [R]
Término temático o nombre geográfico como elemento de entrada [NR] Periodismo
9 (RLIN) 7909
650 04 - ASIENTO SECUNDARIO DE MATERIA - TERMINO TEMATICO [R]
Término temático o nombre geográfico como elemento de entrada [NR] Periodistas en el cine
Subdivisión de forma [R] DVD
9 (RLIN) 21369
651 #4 - ASIENTO SECUNDARIO DE MATERIA - NOMBRE GEOGRAFICO [R]
Nombre geográfico [NR] Nueva York (Estados Unidos)
Subdivisión general [R] Condiciones sociales
-- 1940
Subdivisión de forma [R] DVD
700 1# - ASIENTO SECUNDARIO - NOMBRE PERSONAL [R]
Nombre personal [NR] Mitchell, Joseph
Fechas asociadas con el nombre [NR] 1908-1996
700 1# - ASIENTO SECUNDARIO - NOMBRE PERSONAL [R]
Nombre personal [NR] Tucci, Stanley
Fechas asociadas con el nombre [NR] 1960-
Término de relación [R]
710 2# - ASIENTO SECUNDARIO - NOMBRE CORPORATIVO [R]
Nombre corporativo o de jurisdicción como elemento de entrada [NR] October Films
765 ## - ASIENTO DE IDIOMA ORIGINAL [R]
Título [NR] Joe Gould's secret
856 04 - LOCALIZACION Y ACCESO ELECTRONICOS [R]
Identificador Uniforme del Recurso (“URI”) [R] <a href="https://www.youtube.com/watch?v=0YgwIWMhowE">https://www.youtube.com/watch?v=0YgwIWMhowE</a>
Nota dirigida al público [R] Siga este vínculo para ver el trailer.
942 ## - ELEMENTOS DE ENTRADA AGREGADOS (KOHA)
Tipo de ítem principal el descrito en 300a Multimedia
Sistema de clasificación LOCAL
Tema principal Comunicación
Edición 1
Existencias
Fecha de último préstamo Código de barras Última vez visto Volúmen / Fascículo Ejemplar Price effective from Tipo de ítem Perdido Sistema de clasificación Dañado No prestable Tipo de ítem específico Suprimido Ubicación habitual Ubicación actual Localización Fecha de creación Forma de adquisición Costo Total préstamos
18/02/2014 100107568 10/12/2024 DVD 0579 Ej.2 03/02/2013 Multimedia   DEWEY     DVD   Claustro Claustro Colección digital 19/02/2013 Donación 26000.00 14
07/05/2012 100102043 09/12/2025 DVD 0579 Ej.1 03/02/2013 Multimedia   LOCAL   Préstamo restringido DVD   Procesos Técnicos Procesos Técnicos (no para préstamo) Procesos Técnicos 19/02/2013 Compra 24411.00